[Event "Pan American-ch U16"]
[Site "Cali"]
[Date "2015.07.03"]
[Round "9"]
[White "Arias Umana, Fray Bernardo"]
[Black "Herrera C, Carlos Stiven"]
[Result "1-0"]
[WhiteElo "1664"]
[BlackElo "1407"]
[PlyCount "43"]
[EventDate "2015.06.28"]
[EventType "swiss"]
[EventRounds "9"]
[EventCountry "COL"]
[SourceTitle "EXT 2016"]
[Source "ChessBase"]
[SourceDate "2015.10.08"]
[SourceVersion "1"]
[SourceVersionDate "2015.10.08"]
[SourceQuality "1"]

1. d4 Nf6 2. c4 e6 3. Nf3 d5 4. Nc3 Bb4 5. Qc2 Ne4 6. e3 Bxc3+ 7. bxc3 0-0 8. Bd3 f5 9. cxd5 exd5 10. 0-0 b6 11. c4 Ba6 12. Ba3 Re8 13. Rfc1 c6 14. Ne5 Qh4 15. Rf1 Qd8 16. f3 Nc5 17. Bxf5 Qg5 18. f4 Qh6 19. dxc5 Rxe5 20. fxe5 Qxe3+ 21. Qf2 Qxa3 22. Be6+ 1-0

[Event "Manizales zt U14 integr Centro"]
[Site "Manizales"]
[Date "2014.05.16"]
[Round "3.4"]
[White "Giraldo Aristizabal, Marlon"]
[Black "Arias Umana, Fray Bernardo"]
[Result "0-1"]
[WhiteElo "1583"]
[BlackElo "1514"]
[PlyCount "46"]
[EventDate "2014.05.15"]
[EventType "swiss"]
[EventRounds "6"]
[EventCountry "COL"]
[SourceTitle "EXT 2024"]
[Source "ChessBase"]
[SourceDate "2023.10.10"]
[SourceVersion "1"]
[SourceVersionDate "2023.10.10"]
[SourceQuality "1"]

1. e4 c5 2. Nf3 d6 3. d4 cxd4 4. Nxd4 Nf6 5. Nc3 g6 6. Be3 Bg7 7. f3 0-0 8. Qd2 Nc6 9. Bc4 Bd7 10. h4 h5 11. 0-0-0 Rc8 12. Bb3 Ne5 13. Kb1 Nc4 14. Bxc4 Rxc4 15. Bh6 Qb6 16. Bxg7 Kxg7 17. g4 Rfc8 18. Nf5+ Bxf5 19. gxf5 Rxc3 20. Rdg1 Rxc2 21. Qxc2 Rxc2 22. Kxc2 Qf2+ 23. Kb1 Qxf3 0-1